Vzťah vodného hospodárstva a hydromeliorácie

Hydromeliorácie (závlahy, odvodnenie pôdy) sú odborom činnosti i vednou disciplínou na rozhraní vodného hospodárstva a poľnohospodárstva. Hydromelioračné zariadenia (HMZ) a ich história. Súčasné problémy HMZ, prevod HMZ na vodohospodárske organizácie. Transformácia HMZ.

Gespeichert in:
Bibliographische Detailangaben
1. Verfasser: Fridner, Peter
Format: Buchkapitel
Sprache:Slowakisch
Schlagworte:
Tags: Tag hinzufügen
Keine Tags, Fügen Sie das erste Tag hinzu!

MARC

LEADER 00000naa a2200000 4500
001 r040413
005 20230925115310.5
041 0 |a slo 
044 |a SK 
245 1 0 |a Vzťah vodného hospodárstva a hydromeliorácie  |c Peter Fridner 
520 |a Hydromeliorácie (závlahy, odvodnenie pôdy) sú odborom činnosti i vednou disciplínou na rozhraní vodného hospodárstva a poľnohospodárstva. Hydromelioračné zariadenia (HMZ) a ich história. Súčasné problémy HMZ, prevod HMZ na vodohospodárske organizácie. Transformácia HMZ. 
610 2 0 |a vodohospodárstvo 
610 2 0 |a meliorácie technické 
610 2 0 |a zavlažovanie 
610 2 0 |a história 
610 2 0 |a Slovensko 
610 2 0 |a majetok 
610 2 0 |a transformácia podniku 
100 1 |a Fridner, Peter